00000000nam##2200000za#4500
0019.612481
003CaOODSP
00520200327174429
007ta
008150406|1995||||xxc|||||     f|0| 0 eng|d
020 |a0-662-23656-4
022 |a1188-8903
040 |aCaOODSP|beng
043 |an-cn---
0861 |aEn1-17/20-1995E
1101 |aCanada. |bEnvironment Canada. |bEnvironmental Protection Service.
24510|aIndustrial wastewater: technological adaptation of a dissolved-air flotation unit for clarifying effluents from de-inking plants / |cby Pierre Sylvestre and Henri-Claude Lavallée.
260 |aMontreal - Quebec : |bEnvironment Canada. |c1995.
300 |a4p. : |bcoloured figs., tables ; |c28 cm.
4901 |aSt. Lawrence technologies|x1188-8903
563 |aPamphlet
590 |a95-29|b1995-07-21
69007|aWaste management|2gcpds
69007|aPulp and paper industry|2gcpds
7201 |aSylvestre, Pierre
7201 |aLavallée, Henri-Claude
77508|tEaux usées industrielles: adaptation technologique d'une unité de flottation à air dissous pour la clarification d'effluents d'usines de désencrage / |w(CaOODSP)9.623457
7760#|tIndustrial wastewater. Technological adaptation of a dissolved-air flotation unit for clarifying effluents from de-inking plants |w(CaOODSP)9.571243
830#0|aSt. Lawrence technologies,|x1188-8903|w(CaOODSP)9.514532